000 00249nam a2200097Ia 4500
008 230907s9999||||xx |||||||||||||| ||und||
082 _a388.04
_bINT
245 0 _aIntercity transport and climate change :
300 _avol.15; 280 pages.
942 _cBK
999 _c599330
_d599330